000 00301nam a22001337a 4500
008 170829b xxu||||| |||| 00| 0 eng d
020 _a9780205139750
041 _aeng
080 _a070
100 _a39+
101 _aMED
245 _aNEWS REPORTING AND WRITING
_cVIVIAN.J
942 _2udc
_cBK
999 _c25316
_d25316